Pôsobenie USA v Afganistane bakalárska práca

Saved in:
Bibliographic Details
Main Author: Pápayová, Ivana
Corporate Author: Fakulta medzinárodných vzťahov EU. Katedra medzinárodných politických vzťahov
Other Authors: Kucharčík, Rudolf, 1977-
Format: Book
Language:Slovak
Published: Bratislava 2019
Tags: Add Tag
No Tags, Be the first to tag this record!

MARC

LEADER 00000nbm a2200000 4500
001 0255135
005 20190813100203.1
041 0 |a slo 
044 |a SK 
245 1 0 |a Pôsobenie USA v Afganistane  |b bakalárska práca  |c Ivana Pápayová ; školiteľ: Rudolf Kucharčík 
264 1 |a Bratislava  |c 2019 
300 |a 58 s. 
100 1 |a Pápayová, Ivana 
700 1 |a Kucharčík, Rudolf, 1977- 
710 2 |a Fakulta medzinárodných vzťahov EU. Katedra medzinárodných politických vzťahov